WWE Women's Intercontinental Champions - Statistics

General Stats
  • This quiz has been taken 415 times
    35 since last reset
  • The average score is 5 of 5
Answer Stats
Title Reigns Last Won Champion % Correct
3 2026 Becky Lynch
100%
1 2025 Maxxine Dupri
97%
1 2026 Sol Ruca
97%
1 2026 AJ Lee
93%
1 2025 Lyra Valkyria
93%
No matching quizzes found
Score Distribution
Percent of People with Each Score
Percentile by Number Answered
Your Score History
You have not taken this quiz since the last reset